[Event "Neuquen Las Balsas op"]
[Site "Neuquen"]
[Date "2022.06.18"]
[Round "4"]
[White "Handstok, Matias"]
[Black "Acosta, Pablo Ismael"]
[Result "0-1"]
[WhiteElo "1912"]
[BlackElo "2467"]
[PlyCount "120"]
[EventDate "2022.06.17"]
[EventType "swiss"]
[EventRounds "7"]
[EventCountry "ARG"]
[SourceTitle "CBM 208 Extra"]
[Source "ChessBase"]
[SourceDate "2022.07.31"]
[SourceVersion "1"]
[SourceVersionDate "2022.07.31"]
[SourceQuality "1"]

1. d4 Nf6 2. c4 e6 3. Nf3 Bb4+ 4. Bd2 a5 5. e3 b6 6. Bd3 Bb7 7. a3 Be7 8. Nc3 d5 9. cxd5 exd5 10. Rc1 0-0 11. 0-0 c5 12. Ne5 Nc6 13. Nxc6 Bxc6 14. Ne2 c4 15. Bb1 b5 16. Ng3 Re8 17. Qf3 Bf8 18. Rfe1 Ne4 19. Bxe4 dxe4 20. Qg4 Re6 21. Nh5 Rg6 22. Qe2 Qh4 23. g3 Qg5 24. Nf4 Rh6 25. d5 Bxd5 26. Red1 Be6 27. Nxe6 Rxe6 28. a4 Rc8 29. axb5 Qxb5 30. Bc3 Qf5 31. Qf1 h6 32. Rd4 Qb5 33. Qg2 f5 34. Rcd1 Bb4 35. Rd5 Qa4 36. Qh3 Rf8 37. R1d4 Bxc3 38. bxc3 Ref6 39. Rc5 Qc2 40. Rxa5 f4 41. exf4 e3 42. fxe3 Rb8 43. Ra1 Rb2 44. Rf1 Qxc3 45. Qc8+ Kh7 46. Qxc4 Qxe3+ 47. Kh1 Ra6 48. Rd8 Re6 49. Rd4 Qe2 50. Qd3+ Qxd3 51. Rxd3 Ree2 52. Rfd1 Rxh2+ 53. Kg1 Kg6 54. Rf3 Kf5 55. Rd7 Kg4 56. Re3 Rhg2+ 57. Kf1 Kh3 58. Rxg7 Kh2 59. Re2 Rbxe2 60. Rg6 Rgf2# 0-1